Normal view
MARC view
- shah, Assad Ullah
Entry Personal Name
001 - CONTROL NUMBER
- control field: 97404
003 - CONTROL NUMBER IDENTIFIER
- control field: NUST
005 - DATE AND TIME OF LATEST TRANSACTION
- control field: 20220816111748.0
008 - FIXED-LENGTH DATA ELEMENTS
- fixed length control field: 220816|| aca||aabn | a|a d
040 ## - CATALOGING SOURCE
- Original cataloging agency: NUST
- Transcribing agency: NUST
100 ## - HEADING--PERSONAL NAME
- Personal name: shah, Assad Ullah
670 ## - SOURCE DATA FOUND
- Source citation: Work cat.: (NUST): shah, Assad Ullah , Soft switching of DC microgrid through adaptive robust control Description /
